000 00670nam a2200193Ia 4500
005 20260429112320.0
008 260429s9999||||xx |||||||||||||| ||und||
020 _a9789383931002
041 _aHindi
082 _a320.954
_bRAJ
100 _aराजोरिया, धर्मपाल
245 0 _aदलित राजनीति सिद्धांत एवं व्यवहार /
_cधर्मपाल राजोरिया
250 _a1st ed.
260 _aदिल्ली :
_bएकैडमिक पब्लिकेशन,
_c2024.
300 _a274 p.; Hb
440 _vभाग-3
650 _aDalit literature
942 _cTB
999 _c53456
_d53456